[Event "Int. Stuttgarter Stadtmeisterschaft A"]
[Site "Ditzingen"]
[Date "2013.05.12"]
[Round "7.31"]
[White "Rau, Jürgen"]
[Black "Hamm, Lukas"]
[Result "1-0"]
[WhiteElo "2124"]
[BlackElo "1890"]
[PlyCount "113"]
[EventDate "2013.??.??"]
[WhiteTeam "SV Dicker Turm Esslingen"]
[BlackTeam "SV Stuttgart-Wolfbusch 1956 e.V."]

1. d4 d5 2. c4 e6 3. Nc3 Nf6 4. cxd5 exd5 5. Bg5 Nbd7 6. e3 c6 7. Bd3 Be7 8.
Qc2 O-O 9. Nge2 Re8 10. O-O Nf8 11. f3 Nh5 12. Bxe7 Qxe7 13. e4 dxe4 14. fxe4
Bg4 15. Rf2 Nf6 16. Raf1 Be6 17. Nf4 Rad8 18. d5 cxd5 19. Nfxd5 Bxd5 20. Nxd5
Nxd5 21. Rxf7 Ne3 22. Rxe7 Nxc2 23. Rxe8 Rxe8 24. Bxc2 Ng6 25. Bb3+ Kh8 26. Rf7
Re7 27. Rxe7 Nxe7 28. Kf2 g5 29. Ke3 Kg7 30. Kd4 Kf6 31. e5+ Kf5 32. Bc2+ Ke6
33. Ke4 h6 34. Bb3+ Kd7 35. Bf7 b6 36. Bc4 Kc6 37. Be6 Kc7 38. Bg4 Kc6 39. Kd4
Ng6 40. g3 Ne7 41. b4 a5 42. bxa5 bxa5 43. a4 Ng6 44. Bh5 Ne7 45. Be8+ Kc7 46.
Kc5 Kd8 47. Bf7 Kc7 48. Bd5 Kd7 49. Bf7 Kc7 50. e6 Nc6 51. Be8 Ne7 52. Kb5 Kd6
53. Bd7 Nd5 54. Kxa5 Kc5 55. Ka6 Nb4+ 56. Kb7 Nd5 57. a5 1-0

[Event "Int. Stuttgarter Stadtmeisterschaft A"]
[Site "Ditzingen"]
[Date "2013.05.12"]
[Round "7.32"]
[White "Kaplunov, Vadym"]
[Black "Gabriel, Josef"]
[Result "0-1"]
[WhiteElo "1953"]
[BlackElo "2123"]
[PlyCount "91"]
[EventDate "2013.??.??"]
[WhiteTeam "Stuttgarter SF 1879"]
[BlackTeam "Stuttgarter SF 1879"]

1. d4 Nf6 2. c4 g6 3. Nc3 Bg7 4. e4 d6 5. Be2 O-O 6. Nf3 e5 7. d5 Nbd7 8. O-O
h6 9. Ne1 Ne8 10. f3 f5 11. Be3 f4 12. Bf2 g5 13. g4 fxg3 14. hxg3 Ndf6 15. Kg2
Qd7 16. Rh1 Qf7 17. Be3 Qg6 18. Nd3 Nh5 19. g4 Nf4+ 20. Nxf4 exf4 21. Bd4 Nf6
22. Kf2 c5 23. dxc6 bxc6 24. c5 dxc5 25. Qb3+ Kh8 26. Bxc5 Rf7 27. Rad1 Nd7 28.
Bd6 Be5 29. Bxe5+ Nxe5 30. Rd8+ Kg7 31. Rhd1 Be6 32. Qb4 Rxd8 33. Rxd8 h5 34.
Qd6 Qf6 35. Re8 Bd7 36. Qxe5 Bxe8 37. Qxe8 hxg4 38. fxg4 f3 39. Ba6 Qd4+ 40.
Kf1 Qd2 41. Qe5+ Kh7 42. Qg3 Qc1+ 43. Qe1 Qxb2 44. Qf2 Qxc3 45. Kg1 Qc1+ 46.
Bf1 0-1

[Event "Int. Stuttgarter Stadtmeisterschaft A"]
[Site "Ditzingen"]
[Date "2013.05.12"]
[Round "7.33"]
[White "Severin, Andreas"]
[Black "Bergner, Philipp"]
[Result "1/2-1/2"]
[WhiteElo "2035"]
[BlackElo "1946"]
[PlyCount "71"]
[EventDate "2013.??.??"]
[WhiteTeam "SV Reutlingen"]
[BlackTeam "Mönchfelder SV 1967"]

1. Nc3 c5 2. Nf3 Nf6 3. e4 d6 4. d4 cxd4 5. Qxd4 Nc6 6. Bb5 Bd7 7. Bxc6 Bxc6 8.
Bg5 e6 9. O-O-O Be7 10. Rhe1 O-O 11. Kb1 Qa5 12. Qd2 Rfd8 13. Nd5 Qxd2 14.
Nxe7+ Kf8 15. Nxd2 Kxe7 16. f3 h6 17. Be3 b6 18. c4 Rac8 19. b3 Nd7 20. Kb2 Nc5
21. Nb1 b5 22. e5 Be8 23. exd6+ Rxd6 24. Rxd6 Kxd6 25. Rd1+ Ke7 26. Na3 a6 27.
cxb5 axb5 28. Nc2 Na6 29. b4 f6 30. a3 e5 31. Bf2 Rd8 32. Rxd8 Kxd8 33. Ne3 Bg6
34. Kc3 Kd7 35. Nd5 Nc7 36. Nxc7 1/2-1/2

[Event "Int. Stuttgarter Stadtmeisterschaft A"]
[Site "Ditzingen"]
[Date "2013.05.12"]
[Round "7.34"]
[White "Walliser, Holger"]
[Black "Klaus, Dominik"]
[Result "1/2-1/2"]
[WhiteElo "1942"]
[BlackElo "1880"]
[PlyCount "150"]
[EventDate "2013.??.??"]
[WhiteTeam "SK Sontheim/Brenz e.V."]
[BlackTeam "Ssg Fils-Lauter e. V."]

1. e4 c5 2. Nf3 d6 3. d4 cxd4 4. Nxd4 Nf6 5. Nc3 a6 6. Bc4 Nbd7 7. Bb3 g6 8.
Be3 Nc5 9. f3 Bg7 10. Qd2 h5 11. O-O-O Bd7 12. Kb1 Qc7 13. Bg5 Bc6 14. Nd5 Bxd5
15. Bxd5 Rc8 16. h4 Qb6 17. Nb3 e6 18. Bc4 Na4 19. Be2 Nxb2 20. Qxd6 Qxd6 21.
Rxd6 Na4 22. Bd2 O-O 23. Bd3 Rfd8 24. Rxd8+ Rxd8 25. Rg1 Nd7 26. Bb4 Ne5 27.
Rd1 Nc6 28. Be1 Nb2 29. Rd2 Bc3 30. Re2 Na4 31. f4 Nb4 32. Nc1 Rd6 33. a3 Nc6
34. Na2 Bb2 35. Bb4 Rd4 36. Re1 Nxb4 37. axb4 Ba3 38. b5 Rd6 39. e5 Rd4 40.
bxa6 bxa6 41. g3 Nc5 42. Re3 Rd8 43. Nc3 Rb8+ 44. Ka2 Bc1 45. Rf3 a5 46. Ne4
Nxe4 47. Bxe4 Rb2+ 48. Ka1 Rb4 49. Bd3 a4 50. Rf1 Bb2+ 51. Ka2 a3 52. Rb1 Kf8
53. c4 Ke7 54. Rd1 Rb8 55. Bc2 Rd8 56. Rxd8 Kxd8 57. Bd1 Bc1 58. Bf3 Bd2 59.
Kxa3 Be1 60. g4 hxg4 61. Bxg4 Bxh4 62. Kb3 Bg3 63. Kc3 Bxf4 64. Kd4 Kd7 65. Bd1
Bg3 66. Ke4 Bf2 67. Ba4+ Ke7 68. Bd1 g5 69. Bh5 Bb6 70. Kf3 Bc7 71. Ke4 Bb8 72.
Kd4 Bc7 73. Ke4 f5+ 74. exf6+ Kxf6 75. Bg4 Bf4 1/2-1/2

[Event "Int. Stuttgarter Stadtmeisterschaft A"]
[Site "Ditzingen"]
[Date "2013.05.12"]
[Round "7.35"]
[White "Zeh, Rolf"]
[Black "Weber, Sandra"]
[Result "0-1"]
[WhiteElo "1947"]
[BlackElo "1766"]
[PlyCount "130"]
[EventDate "2013.??.??"]
[WhiteTeam "SV 23 Böckingen"]
[BlackTeam "SC Neckarsulm e.V."]

1. d4 Nf6 2. Nf3 g6 3. g3 Bg7 4. c4 O-O 5. Bg2 d6 6. O-O Nbd7 7. Nc3 e5 8. d5
Ne8 9. e4 f5 10. exf5 gxf5 11. Bg5 Ndf6 12. Qd2 Bd7 13. Nh4 Qc8 14. Bh6 Bxh6
15. Qxh6 Ng7 16. Rae1 Ng4 17. Qg5 Qd8 18. Qxd8 Rfxd8 19. f3 Nf6 20. Ne2 Rf8 21.
f4 Ng4 22. Nc3 e4 23. h3 Nf6 24. Ne2 c6 25. dxc6 bxc6 26. Rd1 d5 27. cxd5 Nxd5
28. g4 Rad8 29. Kf2 fxg4 30. Bxe4 Nxf4 31. Nxf4 Rxf4+ 32. Ke3 Rxf1 33. Rxf1
gxh3 34. Rc1 Rc8 35. Kf3 Rf8+ 36. Ke3 Rf6 37. Nf3 Nf5+ 38. Bxf5 Rxf5 39. Ke4
Rh5 40. Nh2 Rg5 41. Rc2 Rg2 42. Rxg2+ hxg2 43. Nf3 h5 44. Ke3 h4 45. Kf2 h3 46.
Kg1 Kg7 47. Kh2 Kf6 48. b4 Ke7 49. Nd2 Kd6 50. Nb3 Kd5 51. Na5 c5 52. bxc5 Kxc5
53. a3 Kb5 54. Nb7 Bg4 55. Nd8 Ka4 56. Nc6 a6 57. Nb4 Bc8 58. Nxa6 Bxa6 59. Kg1
Kb3 60. a4 Kxa4 61. Kh2 Kb4 62. Kg1 Kc3 63. Kh2 Kd2 64. Kg1 Ke1 65. Kh2 Kf2 0-1

[Event "Int. Stuttgarter Stadtmeisterschaft A"]
[Site "Ditzingen"]
[Date "2013.05.12"]
[Round "7.36"]
[White "Schuster, Gerhard"]
[Black "Felser, Martin"]
[Result "1-0"]
[WhiteElo "2017"]
[BlackElo "1880"]
[PlyCount "59"]
[EventDate "2013.??.??"]
[WhiteTeam "SC Feuerbach e. V."]
[BlackTeam "SK Marktoberdorf"]

1. e4 c5 2. Nf3 d6 3. Bb5+ Bd7 4. Qe2 Bxb5 5. Qxb5+ Qd7 6. Na3 a6 7. Qe2 b5 8.
c4 b4 9. Nc2 Nc6 10. d4 cxd4 11. Ncxd4 Nxd4 12. Nxd4 e6 13. O-O Ne7 14. Bd2 Rb8
15. a3 bxa3 16. Rxa3 e5 17. Nf3 Rxb2 18. Rxa6 Qb7 19. Rfa1 Rb1+ 20. Rxb1 Qxb1+
21. Be1 f5 22. Ra8+ Kf7 23. c5 Qb7 24. Qa2+ Kf6 25. cxd6 Nc8 26. exf5 Qd7 27.
Nxe5 Kxe5 28. Ra5+ Kf6 29. Bc3+ Kg5 30. Qd2+ 1-0

[Event "Int. Stuttgarter Stadtmeisterschaft A"]
[Site "Ditzingen"]
[Date "2013.05.12"]
[Round "7.37"]
[White "Novak, Josua"]
[Black "Steinhart, Christoph"]
[Result "1/2-1/2"]
[WhiteElo "1922"]
[BlackElo "1961"]
[PlyCount "38"]
[EventDate "2013.??.??"]
[WhiteTeam "TSV Münchingen"]
[BlackTeam "TSV Schönaich"]

1. e4 c5 2. Nf3 d6 3. d4 cxd4 4. Nxd4 Nf6 5. Nc3 a6 6. f3 e6 7. Be3 b5 8. Qd2
Qc7 9. O-O-O b4 10. Na4 Bd7 11. Qxb4 d5 12. Qc3 Qb7 13. Nc5 Bxc5 14. Qxc5 dxe4
15. Bc4 Nc6 16. Bg5 Rc8 17. Bxa6 Qxa6 18. Nb5 Ne7 19. Nd6+ Kd8 1/2-1/2

[Event "Int. Stuttgarter Stadtmeisterschaft A"]
[Site "Ditzingen"]
[Date "2013.05.12"]
[Round "7.38"]
[White "Mayer, Dietmar"]
[Black "Lorenz, Michael"]
[Result "1-0"]
[WhiteElo "1802"]
[BlackElo "1950"]
[PlyCount "51"]
[EventDate "2013.??.??"]
[WhiteTeam "SC Böblingen 1975 e.V."]
[BlackTeam "SG Rochade Kuppenheim 1979 e.V."]

1. d4 d5 2. Nf3 e6 3. Bf4 Bd6 4. Bg3 Nf6 5. e3 c5 6. c3 Nc6 7. Bd3 O-O 8. Nbd2
Qe7 9. Ne5 Nd7 10. Qh5 g6 11. Nxc6 bxc6 12. Qh6 f6 13. Bxg6 Bxg3 14. hxg3 hxg6
15. Qh8+ Kf7 16. Rh7+ Ke8 17. Rxe7+ Kxe7 18. Qg7+ Rf7 19. Qxg6 Ba6 20. O-O-O
Rh8 21. Nf3 Be2 22. Re1 Bb5 23. e4 Bd3 24. Nd2 Rh2 25. Qg4 c4 26. exd5 1-0

[Event "Int. Stuttgarter Stadtmeisterschaft A"]
[Site "Ditzingen"]
[Date "2013.05.12"]
[Round "7.40"]
[White "Zorn, Nico"]
[Black "Hoeschele, Hans-Ulrich"]
[Result "0-1"]
[WhiteElo "1837"]
[BlackElo "2115"]
[PlyCount "112"]
[EventDate "2013.??.??"]
[WhiteTeam "SC Laufenburg"]
[BlackTeam "Stuttgarter SF 1879"]

1. c4 c5 2. Nc3 Nc6 3. g3 e6 4. Bg2 Nf6 5. e4 d6 6. d3 a6 7. Nge2 Be7 8. O-O
Qc7 9. f3 Rb8 10. a4 b6 11. Be3 Bb7 12. b3 Nd7 13. Qd2 Bf6 14. Bg5 Bd4+ 15. Be3
O-O 16. Rab1 Bxc3 17. Nxc3 Nd4 18. Qf2 Nc6 19. Qd2 Nd4 20. Qf2 e5 21. Nd5 Bxd5
22. exd5 b5 23. Bxd4 exd4 24. axb5 axb5 25. Bh3 Ne5 26. Rbd1 bxc4 27. bxc4 Rb3
28. Qc2 Rfb8 29. f4 Rb2 30. Qa4 Ng6 31. Qa3 Nf8 32. Rf2 R2b3 33. Qa4 Qe7 34.
Qa2 Qe3 35. Qe2 Rb1 36. Rxb1 Rxb1+ 37. Kg2 Qxe2 38. Rxe2 Rd1 39. Kf2 Rxd3 40.
Bf1 Ra3 41. Rb2 Ra8 42. Bh3 Rd8 43. Rb7 h6 44. Bg4 Nh7 45. Rd7 Rxd7 46. Bxd7
Nf6 47. Bf5 g6 48. Bd3 Ng4+ 49. Kg2 Kg7 50. h3 Ne3+ 51. Kf3 f6 52. g4 g5 53. f5
Kf8 54. Be2 Ke7 55. Ke4 Kd8 56. Kd3 Kc7 0-1

[Event "Int. Stuttgarter Stadtmeisterschaft A"]
[Site "Ditzingen"]
[Date "2013.05.12"]
[Round "7.41"]
[White "Altimira, Jordi"]
[Black "Frederiksen Kristian, Pade"]
[Result "1-0"]
[WhiteElo "1872"]
[BlackElo "1843"]
[PlyCount "77"]
[EventDate "2013.??.??"]
[WhiteTeam "SV Rottweil"]
[BlackTeam "Europchess"]

1. e4 e6 2. d4 d5 3. Nc3 Bb4 4. e5 c5 5. a3 Bxc3+ 6. bxc3 Qa5 7. Bd2 Qa4 8. Qb1
a6 9. Nf3 Ne7 10. Bd3 c4 11. Be2 Nbc6 12. O-O O-O 13. Ng5 h6 14. Nf3 Bd7 15.
Ra2 b5 16. Qc1 Kh7 17. g4 f6 18. exf6 Rxf6 19. g5 hxg5 20. Nxg5+ Kg8 21. f4 Nf5
22. Bh5 g6 23. Bf3 Kg7 24. Bg4 Nce7 25. Re1 Qa5 26. Re2 Qb6 27. Qe1 Re8 28. Ra1
Qd6 29. Nf3 Rh8 30. Ne5 Kf8 31. a4 bxa4 32. Bc1 Ke8 33. Ba3 Qc7 34. Rb1 Nh6 35.
Nxd7 Nxg4 36. Nxf6+ Nxf6 37. Rxe6 Qxf4 38. Rxe7+ Kd8 39. Qg3 1-0

[Event "Int. Stuttgarter Stadtmeisterschaft A"]
[Site "Ditzingen"]
[Date "2013.05.12"]
[Round "7.42"]
[White "Süß, Stefan"]
[Black "Wezel, Sebastian"]
[Result "1/2-1/2"]
[WhiteElo "1826"]
[BlackElo "1848"]
[PlyCount "41"]
[EventDate "2013.??.??"]
[WhiteTeam "Mosbacher SC von 1931"]
[BlackTeam "SV Dettingen Erms"]

1. d4 Nf6 2. Bf4 g6 3. e3 Bg7 4. Be2 d6 5. h3 O-O 6. Nd2 c5 7. c3 Be6 8. Ngf3
Qb6 9. Qc1 Rc8 10. O-O Nc6 11. dxc5 dxc5 12. Ng5 Bd7 13. Bc4 Be8 14. Ngf3 Bd7
15. e4 Ne8 16. e5 Nc7 17. Re1 Ne6 18. Bh2 Bh6 19. Qc2 Na5 20. Bd5 c4 21. Ne4
1/2-1/2

[Event "Int. Stuttgarter Stadtmeisterschaft A"]
[Site "Ditzingen"]
[Date "2013.05.12"]
[Round "7.43"]
[White "Helmich, Jörg"]
[Black "Engelhardt, Frank"]
[Result "1/2-1/2"]
[WhiteElo "1803"]
[BlackElo "1882"]
[PlyCount "79"]
[EventDate "2013.??.??"]
[WhiteTeam "Regensb. Turnerschaft"]
[BlackTeam "SC Schachmatt Botnang"]

1. e4 c5 2. Nc3 d6 3. f4 Nc6 4. Nf3 Bg4 5. Bb5 a6 6. Bxc6+ bxc6 7. O-O e5 8. f5
d5 9. d3 d4 10. Ne2 f6 11. Ng3 Ne7 12. h3 Bxf3 13. Qxf3 Nc8 14. Qh5+ Ke7 15.
Bd2 Nd6 16. Ne2 Rb8 17. b3 Rb7 18. g4 Qe8 19. Qh4 Kd7 20. g5 Be7 21. gxf6 Bxf6
22. Bg5 Qe7 23. Bxf6 Qxf6 24. Qxf6 gxf6 25. Kh2 Rg8 26. Rg1 Rbb8 27. a4 Nf7 28.
h4 Kd6 29. Ng3 Rg4 30. Kh3 Rbg8 31. Ne2 Rxg1 32. Rxg1 Rxg1 33. Nxg1 a5 34. Kg4
Ke7 35. Ne2 Nd6 36. Kh5 Nf7 37. Ng3 Kf8 38. Kg4 Nd6 39. Nh5 Kf7 40. Kf3 1/2-1/2